[Event "London Classic op U1750 9th"]
[Site "London"]
[Date "2017.12.08"]
[Round "5"]
[White "Yim, Jay"]
[Black "Sartain, Patrick"]
[Result "0-1"]
[WhiteElo "1003"]
[BlackElo "1580"]
[PlyCount "54"]
[EventDate "2017.12.04"]
[EventType "swiss"]
[EventRounds "5"]
[EventCountry "ENG"]
[SourceTitle "CBM 182 Extra"]
[Source "ChessBase"]
[SourceDate "2018.02.23"]
[SourceVersion "1"]
[SourceVersionDate "2018.02.23"]
[SourceQuality "1"]

1. e4 Nc6 2. d4 e6 3. Nf3 g6 4. Nc3 Bg7 5. Bf4 d6 6. Bb5 Bd7 7. 0-0 a6 8. Ba4 b5 9. Bb3 Na5 10. e5 d5 11. Bg5 Ne7 12. Re1 Nxb3 13. axb3 0-0 14. Qd2 f5 15. exf6 Bxf6 16. Bh6 Rf7 17. Ne5 Bxe5 18. Rxe5 Nf5 19. Bg5 Qf8 20. g4 b4 21. Na4 Ng7 22. Nc5 a5 23. Bh6 Qe7 24. Rae1 Qh4 25. h3 Qxh3 26. Qg5 Raf8 27. Bxg7 Rxf2 0-1